000 004390000a22001570004500
020 _a84-7057-231-0
041 0 _aSPA
082 0 4 _aR 465 M417f
100 1 _aMateos, Juan
245 1 0 _aEstudios de Nuevo Testamento II: Cuestiones de gramática y léxico / Ángel Urban, Juan Mateos, Miguel Alepuz
260 _aMadrid, España : Cristiandad
300 _a150 Pág.
650 1 4 _aGRIEGO BIBLICO - GRAMATICA
001 786
942 _cBK
999 _c32230
_d32230